000 00410nam a2200157Ia 4500
008 230917s9999||||xx |||||||||||||| ||und||
040 _e111804
_aMAIN
041 _aEnglish
082 _a824.09 M119L
100 _aMacaulay, Lord
245 0 _aLord macaulay critical essays 2 vo1.
250 _aTomar, Monica ed.
260 _aNew Delhi
_bShree Niwas Publications
_c2004
300 _a855 p.
942 _cBK
999 _c135978
_d135978